000 01074nam a2200325 a 4500
001 000048248
003 DO-SdBNP
005 20250122110129.0
007 ta
008 181210s2016 dr a r 000 0 spa d
020 _a9789945462890
040 _aDO-SdBNP
_bspa
_cBNPHU
041 _hspa
082 7 4 _a972.930643
_bC794m 2016
_222
100 1 _aCordero, Margarita
_939
245 1 0 _aMujeres de abril /
_cMargarita Cordero.
250 _a2a ed.
260 _aSanto Domingo :
_bCPEP,
_c2016.
300 _a235 p. :
_bil. ;
_c23 cm.
490 _a50 aniversario Guerra Abril 1965
_v13
500 _aIncluye datos biográficos de la autora en la solapa de la cubierta
590 _aInventariado, 2019/BT
650 0 _92451
_aMujeres en la política
650 0 _92066
_aMujeres en República Dominicana
651 0 _945522
_aRepública Dominicana
_xHistoria
_y1965
651 0 _aRepública Dominicana
_xRevolución de abril
_y1965
_978456
830 0 _a50 aniversario Guerra Abril 1965
_n13
_975685
910 _aValidado. Control de calidad. MAA
942 _2ddc
_cLBS1
999 _c47736
_d47736